| 000 | 01364cam a22003617a 4500 | ||
|---|---|---|---|
| 003 | CHAP | ||
| 005 | 20220329141831.0 | ||
| 008 | 971127d1997 mx r 00110 spa d | ||
| 010 | _a74557 | ||
| 011 | _a75529 | ||
| 035 | _a85093 | ||
| 040 | _cCHAP | ||
| 090 | _aTesis | ||
| 100 | 0 | 0 |
_aGonzález Villalobos, Gustavo. _949484 |
| 245 | 1 | 0 |
_aEvaluación del metalaxyl-M48% (Ridomil gold 4E) para el control de la marchitez del chile (Phytophthora capsici Leo.) en Dolores Hidalgo, Gto., México, 1997 _c/por Gustavo González Villalobos |
| 260 |
_aChapingo, Méx. : _bEl autor, _c1997 |
||
| 300 |
_a55 h. : _bcuadros |
||
| 502 | _aTesis (Ing. Agr. Esp. en Parasitología Agrícola) -- UACH. Departamento de Parasitología Agrícola | ||
| 590 |
_aALEPH _b10 _c20130110 _lUCH01 _h1420 |
||
| 590 |
_aBATCH-UPD _b10 _c20130110 _lUCH01 _h0705 |
||
| 590 |
_aBATCH-UPD _b10 _c20130410 _lUCH01 _h0351 |
||
| 590 |
_aBATCH-UPD _b10 _c20130914 _lUCH01 _h0923 |
||
| 590 |
_aCONVERSION _b10 _c20130109 _lUCH01 _h1341 |
||
| 650 | 1 | 4 |
_aChile (Botánica) _xEnfermedades. _922353 |
| 650 | 1 | 4 |
_aChile (Botánica) _xGuanajuato. _922364 |
| 650 | 1 | 4 |
_aFungicidas. _944044 |
| 650 | 1 | 4 |
_aMetalaxyl. _975162 |
| 901 | _aBK | ||
| 905 | _aLilia Sánchez G. | ||
| 942 | _cFOLL | ||
| 949 |
_bBC _cTES _d33724000629515 _eTS2 _fc.2 _h31924 _i85093 _si |
||
| 949 |
_bBC _cTES _d850931 _eTS1 _h31923 _i85093 _sb |
||
| 999 |
_c74557 _d74557 |
||